| 000 | 01623cam a2200349 a 4500 | ||
|---|---|---|---|
| 001 | 14705614 | ||
| 005 | 20150716144150.0 | ||
| 008 | 070122s2007 maua b 001 0 eng | ||
| 010 | _a 2007002664 | ||
| 015 |
_aGBA759620 _2bnb |
||
| 016 | 7 |
_a013805378 _2Uk |
|
| 020 | _a9780262062640 (hardcover : alk. paper) | ||
| 020 | _a026206264X (hardcover : alk. paper) | ||
| 035 | _a(OCoLC)ocm80917086 | ||
| 035 | _a(OCoLC)80917086 | ||
| 040 |
_aDLC _cDLC _dDLC |
||
| 050 | 0 | 0 |
_aB105.M4 _bF53 2007 |
| 082 | 0 | 0 |
_a121/.68 _222 |
| 100 | 1 |
_aFlanagan, Owen J. _918244 |
|
| 245 | 1 | 4 |
_aThe really hard problem : _bmeaning in a material world / _cOwen Flanagan. |
| 260 |
_aCambridge, Mass. : _bMIT Press, _cc2007. |
||
| 300 |
_axiii, 288 p. : _bill. ; _c24 cm. |
||
| 500 | _a"A Bradford book." | ||
| 504 | _aIncludes bibliographical references (p. [265]-284) and index. | ||
| 505 | 0 | _aMeaningful and enchanted lives : a threat from the human sciences? -- Finding meaning in the natural world : the comparative consensus -- Science for monks : Buddhism and science -- Normative mind science? psychology, neuroscience, and the good life -- Neuroscience, happiness, and positive illusions -- Spirituality naturalized? "a strong cat without claws." | |
| 650 | 0 |
_aMeaning (Philosophy) _93257 |
|
| 650 | 0 |
_aCognitive psychology. _914631 |
|
| 650 | 0 |
_aMaterialism _xPsychological aspects. _918245 |
|
| 906 |
_a7 _bcbc _corignew _d1 _eecip _f20 _gy-gencatlg |
||
| 942 |
_2lcc _cMONOGRAPH |
||
| 999 |
_c122953 _d122953 |
||